000 01975nam a2200241Ia 4500
003 Ost
005 20260507075140.0
008 260507s9999||||xx |||||||||||||| ||und||
020 _a145363977
040 _cfsecg
041 _aara
082 _a330
100 _aرايس، حدة
_eمؤلف
245 0 _aدور البنك المركزي في اعادة تجديد السيولة في البنوك الاسلامية في ظل النظام لا ربوي :
_bمعالجة كاملة لمشكلة السيولة في البنوك الاسلامية /
_c حدة رايس
260 _aالقاهرة:
_bمكتبة اتراك,
_c2009
300 _a536 صفحة؛
_bإيضاحات ؛
_c24 سم
504 _aالمراجع ص.509
520 _aالنشاط المصرفي للبنوك وموارد إعادة تجديد السيولة- مشكلة السيولة والنشاط المصرفي للبنوك التجارية - البنك المركزي وموارد إعادة تجديد السيولة في ظل نظام مصرفي معاصر- الإطار النظري للبنوك الإسلامية والحلول المقترحة لمشكلة السيولة في ظل السياسة النقدية اللاربوية- إطار مقترح لتطوير دور البنك المركزي في إعادة تجديد السيولة في البنوك الإسلامية-عرض وتقييم لتجارب بعض بعض الدول في تطوير دور البنك المركزي في إعادة تجديد سيولة البنوك الإسلامية- الإطار المقترح لتطوير دور البنك المركزي في إعادة تجديد السيولة للمصارف الإسلامية-ور السوق المالية الإسلامية في إعادة تجديد سيولة البنوك الإسلامية
653 _aالإقتصاد الإسلامي
653 _aالبنك المركزي
653 _aالبنوك الإسلامية
942 _cكتاب
999 _c43294
_d43294